[Event "Gyumri 2008"]
[Site "Gyumri ARM"]
[Date "2008.04.28"]
[Round "4.6"]
[White "Kalashian, David"]
[Black "Chibukhchian, Artur"]
[Result "1/2-1/2"]
[WhiteElo "2439"]
[BlackElo "2428"]
[PlyCount "223"]
[EventDate "2008.04.25"]
[EventType "tourn"]
[EventRounds "11"]
[EventCountry "ARM"]
[Source "lmi"]
[SourceDate "2008.04.25"]

1. d4 Nf6 2. c4 c5 3. Nf3 g6 4. Nc3 Bg7 5. d5 d6 6. e4 O-O 7. Be2 a6 8. a4 e5
9. dxe6 Bxe6 10. Bf4 Nc6 11. Bxd6 Re8 12. O-O Qb6 13. a5 Nxa5 14. Na4 Qd8 15.
Nxc5 Bxc4 16. Bxc4 Nxc4 17. e5 Nxd6 18. Qxd6 Qxd6 19. exd6 Rab8 20. Rad1 Red8
21. Rd3 Bf8 22. Rfd1 Ne8 23. g4 Rxd6 24. Ne4 Re6 25. Nfg5 Re7 26. f3 h6 27. Nh3
Bg7 28. b4 Be5 29. Nhf2 b6 30. Rd5 Nc7 31. Rd8+ Rxd8 32. Rxd8+ Kg7 33. Nd3 Ne6
34. Ra8 Bd4+ 35. Kf1 Nc7 36. Rd8 Ne6 37. Ra8 Nc7 38. Rd8 Nb5 39. h4 f6 40. Nf4
Kf7 41. h5 gxh5 42. gxh5 f5 43. Nf2 a5 44. bxa5 bxa5 45. N2d3 a4 46. Rd5 a3 47.
Rxf5+ Ke8 48. Nb4 Re5 49. Rxe5+ Bxe5 50. Nfd5 Nc3 51. Nxc3 Bxc3 52. Nc2 a2 53.
Ke2 Ke7 54. Kd3 Bb2 55. Kc4 Kf6 56. Kb3 a1=Q 57. Nxa1 Bxa1 58. Kc4 Kg5 59. Kd3
Kf4 60. Ke2 Bd4 61. Kd3 Bb6 62. Ke2 Be3 63. Ke1 Kxf3 64. Kf1 Bc5 65. Ke1 Kg2
66. Kd1 Kf2 67. Kd2 Be3+ 68. Kd1 Bf4 69. Kc2 Ke2 70. Kc3 Be3 71. Kc2 Bd2 72.
Kb2 Bb4 73. Kb3 Ba5 74. Kc2 Be1 75. Kc1 Bf2 76. Kc2 Bd4 77. Kc1 Be3+ 78. Kc2
Bd2 79. Kb2 Kd3 80. Kb1 Ke2 81. Kb2 Kd1 82. Kb3 Ke2 83. Kc2 Ba5 84. Kc1 Kf3 85.
Kd1 Ke3 86. Kc2 Ke2 87. Kc1 Bb6 88. Kc2 Bd4 89. Kc1 Kd3 90. Kd1 Bc3 91. Kc1 Bd4
92. Kd1 Bf2 93. Kc1 Ke2 94. Kc2 Be3 95. Kc3 Kd1 96. Kd3 Bd2 97. Ke4 Ke2 98. Kd4
Ba5 99. Ke4 Bc7 100. Kd4 Bb6+ 101. Kc3 Kd1 102. Kd3 Ba7 103. Kc3 Be3 104. Kd3
Bd2 105. Ke4 Ke2 106. Kd4 Ba5 107. Ke4 Bb6 108. Kf4 Kf2 109. Ke4 Ke2 110. Kf4
Bf2 111. Kg4 Kf1 112. Kf3 1/2-1/2

[Event "Gyumri 2008"]
[Site "Gyumri ARM"]
[Date "2008.04.29"]
[Round "5.1"]
[White "Chibukhchian, Artur"]
[Black "Babujian, Levon"]
[Result "1-0"]
[WhiteElo "2428"]
[BlackElo "2413"]
[PlyCount "91"]
[EventDate "2008.04.25"]
[EventType "tourn"]
[EventRounds "11"]
[EventCountry "ARM"]
[Source "lmi"]
[SourceDate "2008.04.25"]

1. e4 e5 2. Nf3 Nc6 3. Bb5 a6 4. Ba4 Nf6 5. d3 d6 6. c3 Be7 7. O-O O-O 8. Re1
Nb8 9. d4 Nbd7 10. Nbd2 b5 11. Bc2 Bb7 12. Nf1 Re8 13. Ng3 Bf8 14. a4 g6 15.
Bg5 h6 16. Bd2 Bg7 17. Qc1 Kh7 18. Bd3 bxa4 19. Rxa4 d5 20. Nxe5 Nxe5 21. dxe5
Nd7 22. f4 Nc5 23. Bc2 Nxa4 24. Bxa4 Re7 25. Be3 c6 26. Bc5 Rd7 27. exd5 Rxd5
28. Ne4 Qa5 29. Qc2 Qc7 30. Bb3 Bc8 31. Bxd5 cxd5 32. Bd6 Qb6+ 33. Qf2 Qd8 34.
Ng3 Qh4 35. Ne2 Qh5 36. Nd4 Bd7 37. Qf3 Qh4 38. Rf1 Re8 39. Qxd5 Kg8 40. c4 h5
41. c5 Bh6 42. Qf3 Bg4 43. Qc6 Rc8 44. Qxa6 Bd7 45. e6 fxe6 46. c6 1-0

[Event "Gyumri 2008"]
[Site "Gyumri ARM"]
[Date "2008.04.29"]
[Round "5.2"]
[White "Vorobiov, Evgeny"]
[Black "Kalashian, David"]
[Result "1/2-1/2"]
[WhiteElo "2536"]
[BlackElo "2439"]
[PlyCount "83"]
[EventDate "2008.04.25"]
[EventType "tourn"]
[EventRounds "11"]
[EventCountry "ARM"]
[Source "lmi"]
[SourceDate "2008.04.25"]

1. e4 c5 2. Nf3 d6 3. d4 cxd4 4. Nxd4 Nf6 5. Nc3 a6 6. Bg5 e6 7. f4 Nbd7 8. Qf3
Qc7 9. O-O-O b5 10. Bd3 Bb7 11. Rhe1 Qb6 12. Nd5 Qxd4 13. Bxf6 gxf6 14. Bxb5
Qc5 15. b4 Qxb5 16. Nc7+ Ke7 17. Nxb5 axb5 18. Qd3 Ra6 19. Qxb5 Rb6 20. Qd3 Bh6
21. g3 Ra8 22. e5 Rxa2 23. Qxh7 Nxe5 24. Kb1 Ra3 25. c3 Rba6 26. fxe5 Ra1+ 27.
Kc2 R6a2+ 28. Kd3 Ba6+ 29. c4 Ra3+ 30. Ke2 R3a2+ 31. Kd3 Ra3+ 32. Ke2 R3a2+ 33.
Kf3 Bb7+ 34. Kg4 f5+ 35. Kh3 Bg5 36. exd6+ Kf6 37. Rd5 Bxd5 38. cxd5 Rxe1 39.
Qh8+ Kg6 40. Qg8+ Kh6 41. dxe6 fxe6 42. Qh8+ 1/2-1/2

[Event "Gyumri 2008"]
[Site "Gyumri ARM"]
[Date "2008.04.29"]
[Round "5.3"]
[White "Hairapetian, Arman"]
[Black "Simonian, Hrair"]
[Result "1-0"]
[WhiteElo "2414"]
[BlackElo "2443"]
[PlyCount "105"]
[EventDate "2008.04.25"]
[EventType "tourn"]
[EventRounds "11"]
[EventCountry "ARM"]
[Source "lmi"]
[SourceDate "2008.04.25"]

1. e4 c5 2. Nf3 e6 3. c4 d6 4. d4 cxd4 5. Nxd4 Nf6 6. Nc3 b6 7. Bd3 Bb7 8. O-O
Be7 9. Qe2 Nbd7 10. b3 a6 11. Bb2 Qc7 12. Kh1 h5 13. f4 h4 14. Rae1 h3 15. g4
Nc5 16. g5 Nh5 17. Bb1 O-O-O 18. b4 Nd7 19. Nd5 exd5 20. cxd5 Kb8 21. Rc1 Nc5
22. Nf5 Nxf4 23. Rxf4 Bxg5 24. Qf1 g6 25. Ne3 Bxf4 26. Qxf4 Rhe8 27. bxc5 dxc5
28. Qxc7+ Kxc7 29. Bf6 Rd6 30. Rf1 b5 31. Bg5 Rd7 32. Rf6 Kc8 33. Kg1 c4 34.
Kf2 Rh8 35. Bc2 Re8 36. Kg3 Rc7 37. Bf4 Rd7 38. Kxh3 c3 39. Kg3 Rh8 40. h4 Re8
41. Kf3 Rh8 42. Bg5 Re8 43. Ke2 Bxd5 44. exd5 Rxd5 45. Rc6+ Kb7 46. Rxc3 Rd4
47. Bb3 Rd7 48. Rd3 Rc7 49. Kd2 a5 50. Rd6 Re5 51. Bd5+ Ka7 52. Bf6 Rh5 53. Bd8
1-0

[Event "Gyumri 2008"]
[Site "Gyumri ARM"]
[Date "2008.04.29"]
[Round "5.4"]
[White "Zubarev, Alexander"]
[Black "Pashikian, Arman"]
[Result "0-1"]
[WhiteElo "2510"]
[BlackElo "2537"]
[PlyCount "62"]
[EventDate "2008.04.25"]
[EventType "tourn"]
[EventRounds "11"]
[EventCountry "ARM"]
[Source "lmi"]
[SourceDate "2008.04.25"]

1. c4 e6 2. Nc3 d5 3. d4 c6 4. e3 Nf6 5. Nf3 Nbd7 6. Qc2 Bd6 7. Bd3 dxc4 8.
Bxc4 b5 9. Be2 O-O 10. O-O Bb7 11. Rd1 Qb8 12. e4 e5 13. dxe5 Nxe5 14. Nd4 Neg4
15. g3 b4 16. Na4 c5 17. Nf5 Bxe4 18. Bd3 Bxf5 19. Bxf5 Ne5 20. Be4 Nxe4 21.
Qxe4 c4 22. Bf4 Nd3 23. Bxd6 Qxd6 24. Qxc4 Rad8 25. Rd2 Qg6 26. Rad1 Ne5 27.
Qf4 Rxd2 28. Rxd2 Qc6 29. Re2 Nf3+ 30. Kh1 Ng5+ 31. f3 Qxa4 0-1

[Event "Gyumri 2008"]
[Site "Gyumri ARM"]
[Date "2008.04.29"]
[Round "5.5"]
[White "Melkumyan, Hrant"]
[Black "Bagaturov, Giorgi"]
[Result "0-1"]
[WhiteElo "2534"]
[BlackElo "2473"]
[PlyCount "114"]
[EventDate "2008.04.25"]
[EventType "tourn"]
[EventRounds "11"]
[EventCountry "ARM"]
[Source "lmi"]
[SourceDate "2008.04.25"]

1. d4 Nf6 2. c4 e6 3. Nf3 Bb4+ 4. Nc3 c5 5. g3 Nc6 6. Bg2 Ne4 7. Bd2 Bxc3 8.
bxc3 O-O 9. dxc5 Qa5 10. Qb3 Nxc5 11. Qb1 Qa4 12. Qb5 b6 13. Ne5 Nxe5 14. Qxa4
Nxa4 15. Bxa8 Nxc4 16. Be4 Nc5 17. Bc2 Bb7 18. f3 Rc8 19. Bc1 Bc6 20. Kf2 Ba4
21. Bb3 Na5 22. Bxa4 Nxa4 23. e4 Kf8 24. Rd1 Nc4 25. f4 Nc5 26. Rd4 Nd6 27. Kf3
Nb5 28. Rb4 Nxc3 29. Bd2 a5 30. Rxb6 N5xe4 31. Bxc3 Nxc3 32. Rc1 a4 33. Rd6 Rc5
34. Ke3 Nd5+ 35. Kd2 Ra5 36. Rc4 Ke7 37. Rxd5 Rxd5+ 38. Ke3 Ra5 39. h4 h5 40.
a3 g6 41. Rb4 Ra7 42. Kf3 Ra5 43. Kg2 f6 44. Kf3 Kd6 45. Rd4+ Kc6 46. Rc4+ Kd5
47. Rc7 Kd6 48. Rc4 e5 49. Rb4 Ke6 50. g4 hxg4+ 51. Kxg4 Ra6 52. fxe5 fxe5 53.
Kg5 Kd5 54. Rb1 Kc4 55. Kg4 d5 56. Rb4+ Kc5 57. Rb8 e4 0-1

[Event "Gyumri 2008"]
[Site "Gyumri ARM"]
[Date "2008.04.29"]
[Round "5.6"]
[White "Gelashvili, Tamaz"]
[Black "Gabrielian, Artur"]
[Result "1/2-1/2"]
[WhiteElo "2622"]
[BlackElo "2494"]
[PlyCount "86"]
[EventDate "2008.04.25"]
[EventType "tourn"]
[EventRounds "11"]
[EventCountry "ARM"]
[Source "lmi"]
[SourceDate "2008.04.25"]

1. e4 c5 2. b3 e5 3. Bb2 Nc6 4. Bc4 Nf6 5. d3 d6 6. Ne2 Be7 7. O-O O-O 8. Nbc3
Be6 9. Qd2 Qd7 10. f4 Nd4 11. f5 Bxc4 12. dxc4 a6 13. a4 b6 14. Qd3 Rab8 15.
Bc1 h6 16. g4 b5 17. axb5 axb5 18. cxb5 Nxg4 19. Qg3 h5 20. h3 Nf6 21. Bh6 Ne8
22. Nxd4 cxd4 23. Nd5 Kh7 24. Bg5 f6 25. Bd2 Rxb5 26. Kh1 Kg8 27. Bh6 Bd8 28.
Rg1 Qb7 29. Rg2 Rf7 30. Qf3 Ra5 31. Rag1 Qa7 32. Qxh5 Ra1 33. Bc1 Nc7 34. Qxf7+
Kxf7 35. Rxg7+ Ke8 36. Rh7 Rxc1 37. Rxc1 Kf8 38. Rg1 d3 39. cxd3 Qf2 40. Rh8+
Kf7 41. Rh7+ Kf8 42. Rhg7 Ke8 43. Rh7 Kf8 1/2-1/2

[Event "Gyumri 2008"]
[Site "Gyumri ARM"]
[Date "2008.04.30"]
[Round "6.1"]
[White "Babujian, Levon"]
[Black "Gabrielian, Artur"]
[Result "1-0"]
[WhiteElo "2413"]
[BlackElo "2494"]
[PlyCount "97"]
[EventDate "2008.04.25"]
[EventType "tourn"]
[EventRounds "11"]
[EventCountry "ARM"]
[Source "lmi"]
[SourceDate "2008.04.25"]

1. d4 Nf6 2. c4 c5 3. d5 e6 4. Nc3 exd5 5. cxd5 d6 6. e4 g6 7. Bb5+ Nfd7 8. f4
Bg7 9. Nf3 O-O 10. O-O a6 11. Bd3 b5 12. Bc2 b4 13. Ne2 Re8 14. Ng3 a5 15. Re1
c4 16. Ba4 Na6 17. e5 Nac5 18. Bc6 Ra6 19. Ne4 Nxe4 20. Rxe4 Bb7 21. Rxc4 dxe5
22. fxe5 Bxc6 23. dxc6 Nxe5 24. Qxd8 Rxd8 25. Nxe5 Bxe5 26. Bh6 f6 27. Rac1 Rc8
28. R1c2 Kf7 29. Be3 Ke6 30. g3 Kd5 31. c7 g5 32. Kf2 Ke6 33. Bd4 Bd6 34. Kf3
f5 35. g4 f4 36. Ke4 Kd7 37. Bf6 h6 38. Bd8 Ke6 39. Rd4 a4 40. Rd3 Be7 41. Rd5
Bf8 42. Rf5 b3 43. axb3 axb3 44. Rc3 Bg7 45. Rxb3 Rc6 46. Rfb5 Rc4+ 47. Kd3
Rd4+ 48. Ke2 Be5 49. Rxe5+ 1-0

[Event "Gyumri 2008"]
[Site "Gyumri ARM"]
[Date "2008.04.30"]
[Round "6.2"]
[White "Bagaturov, Giorgi"]
[Black "Gelashvili, Tamaz"]
[Result "1/2-1/2"]
[WhiteElo "2473"]
[BlackElo "2622"]
[PlyCount "25"]
[EventDate "2008.04.25"]
[EventType "tourn"]
[EventRounds "11"]
[EventCountry "ARM"]
[Source "lmi"]
[SourceDate "2008.04.25"]

1. d4 Nf6 2. c4 e6 3. Nf3 b6 4. g3 Bb7 5. Bg2 Be7 6. O-O O-O 7. Nc3 Ne4 8. Nxe4
Bxe4 9. Ne1 Bxg2 10. Nxg2 d5 11. cxd5 exd5 12. Qa4 Qe8 13. Qxe8 1/2-1/2

[Event "Gyumri 2008"]
[Site "Gyumri ARM"]
[Date "2008.04.30"]
[Round "6.3"]
[White "Pashikian, Arman"]
[Black "Melkumyan, Hrant"]
[Result "1-0"]
[WhiteElo "2537"]
[BlackElo "2534"]
[PlyCount "59"]
[EventDate "2008.04.25"]
[EventType "tourn"]
[EventRounds "11"]
[EventCountry "ARM"]
[Source "lmi"]
[SourceDate "2008.04.25"]

1. e4 c5 2. Nf3 e6 3. Nc3 Nc6 4. d4 cxd4 5. Nxd4 Qc7 6. f4 a6 7. Nxc6 Qxc6 8.
Bd3 Bc5 9. Bd2 Ne7 10. Qg4 O-O 11. Qh5 f6 12. O-O-O b5 13. Kb1 Bb7 14. g4 Rac8
15. Rhf1 b4 16. Nd5 g6 17. Nxe7+ Bxe7 18. Qh6 Rf7 19. f5 Bf8 20. Qh3 e5 21. g5
fxg5 22. Bxg5 Bg7 23. b3 gxf5 24. Bc4 Qxe4 25. Bxf7+ Kxf7 26. Rxd7+ Kg8 27.
Rxg7+ Kxg7 28. Qh6+ Kg8 29. Qe6+ Kg7 30. Bh6+ 1-0

[Event "Gyumri 2008"]
[Site "Gyumri ARM"]
[Date "2008.04.30"]
[Round "6.4"]
[White "Simonian, Hrair"]
[Black "Zubarev, Alexander"]
[Result "1/2-1/2"]
[WhiteElo "2443"]
[BlackElo "2510"]
[PlyCount "132"]
[EventDate "2008.04.25"]
[EventType "tourn"]
[EventRounds "11"]
[EventCountry "ARM"]
[Source "lmi"]
[SourceDate "2008.04.25"]

1. e4 c5 2. Nc3 d6 3. g3 Nc6 4. Bg2 g6 5. Nge2 Bg7 6. d3 e6 7. Be3 Nd4 8. O-O
Ne7 9. Qd2 O-O 10. Rac1 Nec6 11. Bh6 Nxe2+ 12. Nxe2 Bxb2 13. Rcd1 Bg7 14. Bxg7
Kxg7 15. d4 cxd4 16. Nxd4 Nxd4 17. Qxd4+ e5 18. Qb4 a5 19. Qxd6 Qxd6 20. Rxd6
Be6 21. a3 Rfc8 22. Rb1 Rxc2 23. Bf1 Ra2 24. Rxb7 Kf8 25. Rc6 Rxa3 26. Bc4 Rc3
27. Bxe6 Rxc6 28. Rxf7+ Ke8 29. Rxh7 Rc1+ 30. Kg2 Ra6 31. Bd7+ Kf8 32. Ba4 Ra1
33. Bb5 Rf6 34. Bc4 Rc1 35. Bb3 Ra6 36. Ba4 Rb1 37. Bc2 Rb2 38. Bd3 Rf6 39. Ra7
Rfxf2+ 40. Kh3 Rxh2+ 41. Kg4 Rb3 42. Bc4 Rc3 43. Bd5 Rg2 44. Kg5 Rcxg3+ 45. Kf6
Rf2+ 46. Kxe5 Ra3 47. Kd6 Rf6+ 48. Ke5 Rb6 49. Rf7+ Ke8 50. Rg7 Rc3 51. Ra7 Rc5
52. Kd4 Rcb5 53. Rg7 a4 54. e5 Rxd5+ 55. Kxd5 Ra6 56. e6 a3 57. Rg8+ Ke7 58.
Rg7+ Ke8 59. Rg8+ Ke7 60. Rg7+ Kf8 61. Rxg6 Ra5+ 62. Kd6 Ra6+ 63. Ke5 Ke7 64.
Rg7+ Kf8 65. Rg1 a2 66. Ra1 Ke7 1/2-1/2

[Event "Gyumri 2008"]
[Site "Gyumri ARM"]
[Date "2008.04.30"]
[Round "6.5"]
[White "Kalashian, David"]
[Black "Hairapetian, Arman"]
[Result "0-1"]
[WhiteElo "2439"]
[BlackElo "2414"]
[PlyCount "150"]
[EventDate "2008.04.25"]
[EventType "tourn"]
[EventRounds "11"]
[EventCountry "ARM"]
[Source "lmi"]
[SourceDate "2008.04.25"]

1. d4 Nf6 2. c4 g6 3. Nc3 Bg7 4. e4 d6 5. Be2 O-O 6. Bg5 h6 7. Be3 c5 8. e5
dxe5 9. dxe5 Qxd1+ 10. Rxd1 Ng4 11. Bxc5 Nxe5 12. Bxe7 Re8 13. Nd5 Nbc6 14.
Nf6+ Bxf6 15. Bxf6 Bf5 16. Kf1 Re6 17. Bxe5 Nxe5 18. Nf3 Nxf3 19. Bxf3 Rae8 20.
g4 Be4 21. Kg2 Rf6 22. Bxe4 Rxe4 23. f3 Re2+ 24. Kg3 Rxb2 25. Rhe1 Rxa2 26.
Re8+ Kg7 27. Rdd8 Rb6 28. h4 Ra5 29. Rg8+ Kf6 30. Rh8 Ra3 31. Rxh6 Rbb3 32. g5+
Kf5 33. Rd5+ Ke6 34. Rh8 Rxf3+ 35. Kg2 f6 36. Re8+ Kf7 37. Rdd8 Rg3+ 38. Kh2
fxg5 39. Rf8+ Ke6 40. Rfe8+ Kf5 41. Rf8+ Ke4 42. Rfe8+ Kf3 43. Rf8+ Ke2 44.
Rde8+ Rge3 45. hxg5 Ra5 46. Rxe3+ Kxe3 47. Rf7 b6 48. Rg7 Rxg5 49. Rxa7 Kd4 50.
Rb7 Kc5 51. Rc7+ Kd6 52. Rc8 Rc5 53. Rd8+ Ke5 54. Re8+ Kd6 55. Rd8+ Kc6 56. Rd4
Rg5 57. Rf4 Kc5 58. Re4 Rf5 59. Rg4 Rf6 60. Kg2 Kb4 61. Kg3 Rc6 62. Kf2 Rxc4
63. Rxg6 b5 64. Ke2 Kb3 65. Kd1 b4 66. Rb6 Kb2 67. Kd2 b3 68. Kd3 Rc8 69. Rb7
Ka2 70. Ra7+ Kb1 71. Kd2 b2 72. Ra6 Rd8+ 73. Ke3 Rd5 74. Ke4 Rd2 75. Ke3 Kc1
0-1

[Event "Gyumri 2008"]
[Site "Gyumri ARM"]
[Date "2008.04.30"]
[Round "6.6"]
[White "Chibukhchian, Artur"]
[Black "Vorobiov, Evgeny"]
[Result "0-1"]
[WhiteElo "2428"]
[BlackElo "2536"]
[PlyCount "114"]
[EventDate "2008.04.25"]
[EventType "tourn"]
[EventRounds "11"]
[EventCountry "ARM"]
[Source "lmi"]
[SourceDate "2008.04.25"]

1. d4 Nf6 2. Nf3 g6 3. c4 Bg7 4. Nc3 O-O 5. e4 d6 6. Be2 Nbd7 7. O-O e5 8. Qc2
c6 9. Rd1 Qe7 10. Bg5 h6 11. Bh4 g5 12. Bg3 Nh5 13. Rd2 Nf4 14. Bf1 Re8 15. Re1
Nf8 16. h3 N8g6 17. c5 dxc5 18. d5 Bd7 19. dxc6 Bxc6 20. Nd5 Bxd5 21. exd5 Qd6
22. Bh2 Rad8 23. Bc4 Rf8 24. Bxf4 Nxf4 25. Qf5 Ng6 26. Rde2 Qd7 27. Qxd7 Rxd7
28. Rd2 Rfd8 29. g4 Rd6 30. a4 Rf6 31. Nh2 Nf4 32. Re3 Ng6 33. f3 Rf4 34. Re4
Nh4 35. Rxf4 exf4 36. Re2 Kf8 37. Kf1 Bd4 38. b3 Ng6 39. Re4 Ne7 40. Ke2 Nxd5
41. Bxd5 Rxd5 42. Nf1 Bc3 43. h4 f6 44. h5 Kf7 45. Rc4 Bb4 46. Rc1 b6 47. Rb1
a6 48. Ra1 Ke6 49. Rc1 Kd6 50. Ra1 Re5+ 51. Kf2 Bc3 52. Rd1+ Bd4+ 53. Kg2 Re2+
54. Kh3 Rf2 55. Nh2 Rb2 56. Rd3 Rb1 57. Kg2 Rg1+ 0-1

[Event "Gyumri 2008"]
[Site "Gyumri ARM"]
[Date "2008.05.02"]
[Round "7.1"]
[White "Vorobiov, Evgeny"]
[Black "Babujian, Levon"]
[Result "1/2-1/2"]
[WhiteElo "2536"]
[BlackElo "2413"]
[PlyCount "108"]
[EventDate "2008.04.25"]
[EventType "tourn"]
[EventRounds "11"]
[EventCountry "ARM"]
[Source "lmi"]
[SourceDate "2008.04.25"]

1. Nf3 Nf6 2. g3 g6 3. Bg2 Bg7 4. O-O O-O 5. c4 c6 6. d4 d5 7. Qb3 dxc4 8. Qxc4
Be6 9. Qc2 Na6 10. Nc3 Qb6 11. e4 Rfd8 12. Be3 Ng4 13. Bg5 Bc4 14. Rfd1 Nb4 15.
Qd2 Nd3 16. Na4 Qa6 17. b3 Ngxf2 18. Nc3 Nxd1 19. Rxd1 Bb5 20. a4 Bxd4+ 21.
Nxd4 Rxd4 22. axb5 Qa5 23. Nd5 Qxb5 24. Be3 cxd5 25. Bxd4 dxe4 26. Bxe4 Nc5 27.
Bxc5 Qxc5+ 28. Kg2 e6 29. Qd7 Qe3 30. Qd3 Qb6 31. Qf3 Rc8 32. Rd7 f5 33. Rxb7
Qd4 34. Bc6 Qd2+ 35. Kh3 g5 36. Qh5 g4+ 37. Kh4 Qxh2+ 38. Kg5 Qxh5+ 39. Kxh5
Rxc6 40. Kg5 Rb6 41. Rxa7 Rxb3 42. Kf6 Rb8 43. Kxe6 Rf8 44. Ke5 h5 45. Kf4 h4
46. gxh4 Rf7 47. Ra8+ Kg7 48. Kg5 Kh7 49. Ra1 Kg7 50. Ra8 g3 51. Kf4 g2 52. Ra1
Kh6 53. Rg1 Rg7 54. Kf3 Kh5 1/2-1/2

[Event "Gyumri 2008"]
[Site "Gyumri ARM"]
[Date "2008.05.02"]
[Round "7.2"]
[White "Hairapetian, Arman"]
[Black "Chibukhchian, Artur"]
[Result "0-1"]
[WhiteElo "2414"]
[BlackElo "2428"]
[PlyCount "98"]
[EventDate "2008.04.25"]
[EventType "tourn"]
[EventRounds "11"]
[EventCountry "ARM"]
[Source "lmi"]
[SourceDate "2008.04.25"]

1. e4 c5 2. Nf3 e6 3. d4 cxd4 4. Nxd4 a6 5. Bd3 Nf6 6. c4 b6 7. Nc3 Bb7 8. Qe2
d6 9. f4 Nbd7 10. O-O g6 11. f5 Qe7 12. fxe6 fxe6 13. Qf3 Bg7 14. Bg5 h6 15.
Bxf6 Bxf6 16. Nce2 O-O 17. Qh3 Nc5 18. Bc2 Bxd4+ 19. Nxd4 e5 20. Ne2 Qg5 21. b4
Nxe4 22. Bxe4 Bxe4 23. Qe6+ Kg7 24. Ng3 Qe3+ 25. Kh1 Bd3 26. Qe7+ Kg8 27. Qe6+
Kg7 28. Qe7+ Kg8 29. Qe6+ Kg7 30. Rxf8 Rxf8 31. Qxd6 Rf6 32. Qd5 Qd4 33. Rd1
Qxd5 34. cxd5 e4 35. d6 Rxd6 36. Nxe4 Re6 37. Nd2 Re2 38. Nf3 Be4 39. Rd7+ Kf8
40. Rd6 Rxa2 41. Rxb6 Ra1+ 42. Ng1 Ke7 43. h4 h5 44. Kh2 Ra2 45. Kg3 Rxg2+ 46.
Kf4 Rg4+ 47. Ke5 Bh1 48. Re6+ Kf7 49. Rf6+ Kg7 0-1

[Event "Gyumri 2008"]
[Site "Gyumri ARM"]
[Date "2008.05.02"]
[Round "7.3"]
[White "Zubarev, Alexander"]
[Black "Kalashian, David"]
[Result "1/2-1/2"]
[WhiteElo "2510"]
[BlackElo "2439"]
[PlyCount "84"]
[EventDate "2008.04.25"]
[EventType "tourn"]
[EventRounds "11"]
[EventCountry "ARM"]
[Source "lmi"]
[SourceDate "2008.04.25"]

1. d4 Nf6 2. c4 e6 3. Nf3 b6 4. a3 Ba6 5. e3 Bb7 6. Nc3 d5 7. cxd5 exd5 8. Bb5+
c6 9. Bd3 Bd6 10. O-O O-O 11. e4 dxe4 12. Nxe4 Nxe4 13. Bxe4 Nd7 14. Qc2 Nf6
15. Bg5 h6 16. Bxf6 Qxf6 17. b4 Rac8 18. Rfe1 Rc7 19. Rac1 Ba8 20. Qc4 Kh8 21.
Rc3 c5 22. dxc5 Bxc5 23. Rce3 b5 24. Qxc5 Rxc5 25. bxc5 Bxe4 26. Rxe4 Qc3 27.
Ne5 Rc8 28. R4e3 Qd2 29. Nxf7+ Kg8 30. Nd6 Rc7 31. h4 a5 32. R3e2 Qd3 33. Re3
Qd5 34. Re5 Qb3 35. R5e3 Qc2 36. Nxb5 Rxc5 37. Nd4 Qb2 38. Re8+ Kh7 39. Ne6 Rc1
40. Nf8+ Kg8 41. Ng6+ Kh7 42. Nf8+ Kg8 1/2-1/2

[Event "Gyumri 2008"]
[Site "Gyumri ARM"]
[Date "2008.05.02"]
[Round "7.4"]
[White "Melkumyan, Hrant"]
[Black "Simonian, Hrair"]
[Result "0-1"]
[WhiteElo "2534"]
[BlackElo "2443"]
[PlyCount "84"]
[EventDate "2008.04.25"]
[EventType "tourn"]
[EventRounds "11"]
[EventCountry "ARM"]
[Source "lmi"]
[SourceDate "2008.04.25"]

1. d4 Nf6 2. c4 b6 3. Nf3 Bb7 4. g3 e6 5. Bg2 Be7 6. Nc3 O-O 7. Qc2 d5 8. cxd5
Nxd5 9. O-O Nxc3 10. bxc3 Qc8 11. c4 c5 12. d5 exd5 13. cxd5 Bxd5 14. Bg5 Qb7
15. Qf5 Be4 16. Qh3 h6 17. Bxh6 gxh6 18. Qg4+ Kh8 19. Rad1 f5 20. Qh5 Rf6 21.
Rd2 Nc6 22. Rfd1 Rg8 23. e3 Qc8 24. Nh4 Bxg2 25. Nxg2 Qe8 26. Qf3 Qf7 27. Nf4
Ne5 28. Qb7 Bd6 29. Qg2 Nc4 30. Rd5 Re8 31. Qf3 Bxf4 32. Qxf4 Re4 33. Qb8+ Kg7
34. Rd8 Re7 35. Rc8 Ne5 36. Rdd8 Ng6 37. h4 h5 38. Qa8 Rc7 39. Rb8 Rfc6 40.
Rg8+ Kh7 41. Rbe8 c4 42. Qd8 Rc8 0-1

[Event "Gyumri 2008"]
[Site "Gyumri ARM"]
[Date "2008.05.02"]
[Round "7.5"]
[White "Gelashvili, Tamaz"]
[Black "Pashikian, Arman"]
[Result "0-1"]
[WhiteElo "2622"]
[BlackElo "2537"]
[PlyCount "90"]
[EventDate "2008.04.25"]
[EventType "tourn"]
[EventRounds "11"]
[EventCountry "ARM"]
[Source "lmi"]
[SourceDate "2008.04.25"]

1. Nf3 Nf6 2. c4 e6 3. d4 d5 4. Bg5 h6 5. Bxf6 Qxf6 6. Nc3 c6 7. e3 Nd7 8. Bd3
dxc4 9. Bxc4 g6 10. O-O Bg7 11. b4 O-O 12. Qb3 b6 13. Rac1 Bb7 14. Rfd1 Qe7 15.
e4 Rab8 16. a3 a6 17. h3 Rfd8 18. d5 b5 19. d6 Qf8 20. Bf1 Ne5 21. Nxe5 Bxe5
22. d7 Qe7 23. Ne2 Rxd7 24. Rxd7 Qxd7 25. Rd1 Qe7 26. Qe3 g5 27. Nc1 Rd8 28.
Rxd8+ Qxd8 29. Nd3 Bd4 30. Qg3 e5 31. Be2 Bc8 32. Bg4 Bxg4 33. Qxg4 Qf6 34. h4
Kf8 35. hxg5 Qxg5 36. Qe2 Kg7 37. Qc2 Qg3 38. Kf1 Qh2 39. Ne1 Qh1+ 40. Ke2 Qg1
41. Nd3 Qxg2 42. Qxc6 h5 43. Qd5 h4 44. Nxe5 Qxf2+ 45. Kd1 Qg1+ 0-1

[Event "Gyumri 2008"]
[Site "Gyumri ARM"]
[Date "2008.05.03"]
[Round "8.1"]
[White "Babujian, Levon"]
[Black "Bagaturov, Giorgi"]
[Result "0-1"]
[WhiteElo "2413"]
[BlackElo "2473"]
[PlyCount "64"]
[EventDate "2008.04.25"]
[EventType "tourn"]
[EventRounds "11"]
[EventCountry "ARM"]
[Source "lmi"]
[SourceDate "2008.04.25"]

1. e4 c5 2. Nf3 d6 3. d4 cxd4 4. Nxd4 Nf6 5. Nc3 Nc6 6. Bc4 e6 7. O-O a6 8. Bb3
Be7 9. Kh1 O-O 10. f4 Nxd4 11. Qxd4 Nd7 12. a4 Qc7 13. Rf3 Bf6 14. Qd1 Nc5 15.
Qe1 Bd7 16. Bd2 b5 17. Re3 Bc6 18. Qe2 b4 19. Nd1 a5 20. Nf2 Bd4 21. Rh3 Bxf2
22. Qxf2 Bxe4 23. Bc4 Bf5 24. Rh4 Ne4 25. Qe2 Nxd2 26. Bd3 Rac8 27. Qxd2 Bxd3
28. cxd3 Qc2 29. Qe3 Qxb2 30. Rf1 Rc2 31. d4 Rfc8 32. f5 Qc1 0-1

[Event "Gyumri 2008"]
[Site "Gyumri ARM"]
[Date "2008.05.03"]
[Round "8.2"]
[White "Pashikian, Arman"]
[Black "Gabrielian, Artur"]
[Result "1/2-1/2"]
[WhiteElo "2537"]
[BlackElo "2494"]
[PlyCount "65"]
[EventDate "2008.04.25"]
[EventType "tourn"]
[EventRounds "11"]
[EventCountry "ARM"]
[Source "lmi"]
[SourceDate "2008.04.25"]

1. d4 Nf6 2. Nf3 c5 3. d5 d6 4. Nc3 g6 5. e4 Bg7 6. Bb5+ Nfd7 7. a4 O-O 8. O-O
Na6 9. Re1 Nc7 10. Bf1 a6 11. Bf4 Rb8 12. Qd2 b5 13. Bh6 b4 14. Bxg7 Kxg7 15.
Ne2 f5 16. Nf4 Ne5 17. Nxe5 dxe5 18. Nd3 Qd6 19. exf5 Rxf5 20. Rad1 Bb7 21. c4
bxc3 22. Qxc3 Nxd5 23. Qxc5 Bc6 24. Qc4 Nb6 25. Qc2 e4 26. Nb4 Qxb4 27. Qxc6
Nd5 28. Re2 Rb6 29. Qc2 Nf6 30. Qc7 Rb7 31. Qc6 Rb6 32. Qc7 Rb7 33. Qc6 1/2-1/2

[Event "Gyumri 2008"]
[Site "Gyumri ARM"]
[Date "2008.05.03"]
[Round "8.3"]
[White "Simonian, Hrair"]
[Black "Gelashvili, Tamaz"]
[Result "1/2-1/2"]
[WhiteElo "2443"]
[BlackElo "2622"]
[PlyCount "84"]
[EventDate "2008.04.25"]
[EventType "tourn"]
[EventRounds "11"]
[EventCountry "ARM"]
[Source "lmi"]
[SourceDate "2008.04.25"]

1. e4 c5 2. Nc3 d6 3. g3 Nc6 4. Bg2 g6 5. Nge2 Bg7 6. d3 Rb8 7. O-O b5 8. f4 b4
9. Nd5 e6 10. Ne3 Nd4 11. g4 Ne7 12. Ng3 O-O 13. f5 Nec6 14. g5 f6 15. gxf6
Qxf6 16. Ng4 Qh4 17. f6 e5 18. Nf5 Bxf5 19. exf5 Bxf6 20. fxg6 Bg7 21. gxh7+
Kh8 22. Rxf8+ Rxf8 23. Be3 e4 24. Bxe4 Ne5 25. Bxd4 Nxg4 26. Bxg7+ Kxg7 27. Qe2
Rf2 28. Qxg4+ Qxg4+ 29. Kxf2 Qf4+ 30. Ke2 Qxh2+ 31. Ke3 d5 32. Bxd5 Qg3+ 33.
Ke2 Kxh7 34. Rf1 Qe5+ 35. Be4+ Kg7 36. b3 c4 37. Rg1+ Kf8 38. Rg6 c3 39. Ke3
Qh2 40. Rg2 Qd6 41. Rg6 Qh2 42. Rg2 Qd6 1/2-1/2